[Event "ESP-ch U16 rapid"]
[Site "Salobrena"]
[Date "2023.07.29"]
[Round "1"]
[White "Marrero Rodriguez, Jorge"]
[Black "Docampo Fuertes, Inaki Marcelo"]
[Result "1-0"]
[WhiteElo "1974"]
[BlackElo "1489"]
[PlyCount "67"]
[EventDate "2023.07.29"]
[EventType "swiss (rapid)"]
[EventRounds "9"]
[EventCountry "ESP"]
[SourceTitle "EXT 2024"]
[Source "ChessBase"]
[SourceDate "2023.10.10"]
[SourceVersion "1"]
[SourceVersionDate "2023.10.10"]
[SourceQuality "1"]

1. e4 e6 2. d4 d5 3. e5 c5 4. c3 Nc6 5. Nf3 Bd7 6. Be2 cxd4 7. cxd4 Nge7 8. Na3 Nf5 9. Nc2 Be7 10. 0-0 f6 11. Bd3 Qb6 12. Re1 0-0-0 13. b4 Nfxd4 14. Nfxd4 Nxd4 15. exf6 gxf6 16. Be3 e5 17. Bxd4 exd4 18. Rxe7 Qd6 19. Re1 Qf4 20. Rc1 Kb8 21. Qf3 Qg5 22. Qg3+ Qxg3 23. hxg3 h5 24. f3 Rdg8 25. Kf2 f5 26. Nxd4 h4 27. gxh4 Rxh4 28. Nxf5 Rxb4 29. Rb1 Ra4 30. Rb2 Ra3 31. Re7 Bc6 32. Bb1 Rf8 33. Nd4 Ra6 34. Bd3 1-0

[Event "ESP-ch U14"]
[Site "Salobrena"]
[Date "2021.07.16"]
[Round "7"]
[White "Docampo Fuertes, Inaki Marcelo"]
[Black "Cuadrado Carmona, Javier"]
[Result "0-1"]
[WhiteElo "1527"]
[BlackElo "1891"]
[PlyCount "100"]
[EventDate "2021.07.12"]
[EventType "swiss"]
[EventRounds "9"]
[EventCountry "ESP"]
[SourceTitle "EXT 2022"]
[Source "ChessBase"]
[SourceDate "2021.10.06"]
[SourceVersion "1"]
[SourceVersionDate "2021.10.06"]
[SourceQuality "1"]

1. Nf3 d5 2. d4 Nf6 3. Bf4 c5 4. c3 Nc6 5. e3 Qb6 6. Qb3 c4 7. Qxb6 axb6 8. Nbd2 b5 9. Be2 b4 10. 0-0 bxc3 11. bxc3 e6 12. h3 Be7 13. Ne5 Nxe5 14. Bxe5 Bd7 15. e4 0-0 16. Rfb1 Bc6 17. Bxf6 Bxf6 18. exd5 exd5 19. a4 Ra5 20. Bd1 Rfa8 21. Rb2 Bd8 22. Rab1 b6 23. Rb4 Bxa4 24. Bf3 R8a6 25. Re1 Bd7 26. Bg4 Bc6 27. Bf3 Ra1 28. Nb1 f6 29. Bxd5+ Bxd5 30. Re8+ Kf7 31. Rxd8 Be4 32. Rd7+ Ke6 33. Rxg7 Rxb1+ 34. Rxb1 Bxb1 35. Kf1 Bd3+ 36. Ke1 Ra1+ 37. Kd2 Ra2+ 38. Ke3 Re2+ 39. Kf3 Rc2 40. Rb7 Rxc3 41. Rxb6+ Kf5 42. Rb5+ Kg6 43. Kf4 Rb3 44. Rc5 c3 45. d5 c2 46. Rc7 Rb4+ 47. Ke3 Rc4 48. Rxc4 Bxc4 49. Kd2 Bxd5 50. Kxc2 Bxg2 0-1

[Event "ESP-chT Regional U14"]
[Site "Gijon"]
[Date "2021.06.19"]
[Round "5.1"]
[White "Zubizarreta Landera, Denis"]
[Black "Docampo Fuertes, Inaki Marcelo"]
[Result "1-0"]
[WhiteElo "1521"]
[BlackElo "1547"]
[PlyCount "155"]
[EventDate "2021.06.17"]
[EventType "team-swiss"]
[EventRounds "6"]
[EventCountry "ESP"]
[SourceTitle "EXT 2022"]
[Source "ChessBase"]
[SourceDate "2021.10.06"]
[SourceVersion "1"]
[SourceVersionDate "2021.10.06"]
[SourceQuality "1"]
[WhiteTeam "Pais Vasco U14"]
[BlackTeam "La Rioja U14"]
[WhiteTeamCountry "ESP"]
[BlackTeamCountry "ESP"]

1. d4 Nf6 2. c4 d6 3. Nc3 g6 4. e4 Bg7 5. f3 Nbd7 6. Bg5 b6 7. Qd2 h5 8. h4 Bb7 9. Nge2 c5 10. d5 a6 11. a4 Qc7 12. Nf4 Nh7 13. Be2 Nxg5 14. hxg5 Bc8 15. g3 Qb7 16. Kf1 Nf8 17. Kg2 Bd7 18. Rh2 Kd8 19. Rah1 Rg8 20. b3 Kc7 21. Nd3 Rb8 22. Nd1 Kc8 23. Qf4 Be8 24. Qd2 Qc7 25. N1f2 b5 26. cxb5 axb5 27. b4 c4 28. Rc1 Kd8 29. Qc2 Ra8 30. a5 Nd7 31. f4 Qa7 32. Ne1 Nb8 33. Bf3 Na6 34. Rb1 Rc8 35. g4 hxg4 36. Nxg4 Bd7 37. Rh7 Bxg4 38. Bxg4 Rc7 39. Qf2 Qxf2+ 40. Kxf2 c3 41. Nc2 Ke8 42. Rbh1 Kf8 43. Rb1 Rh8 44. Rxh8+ Bxh8 45. Be2 Rb7 46. Ke3 f5 47. Bd3 fxe4 48. Bxe4 Kf7 49. Rh1 Bg7 50. Rh7 Rb8 51. Bd3 Rb7 52. f5 gxf5 53. Bxf5 Rb8 54. Be6+ Kg6 55. Bf5+ Kf7 56. Kf4 Rh8 57. Rxh8 Bxh8 58. Bd3 Be5+ 59. Ke3 Nc7 60. Be4 e6 61. dxe6+ Kxe6 62. Nd4+ Kf7 63. Kd3 Bxd4 64. Kxd4 Ne6+ 65. Kxc3 Nxg5 66. Bb7 Ne6 67. a6 Nc7 68. a7 Ke6 69. a8Q Nxa8 70. Bxa8 Kd7 71. Kd4 Kc7 72. Kd5 Kc8 73. Kxd6 Kb8 74. Bh1 Kc8 75. Kc6 Kb8 76. Kxb5 Ka7 77. Kc6 Kb8 78. b5 1-0